000 00602nam a22001937a 4500
003 OSt
005 20230928104806.0
008 230928b |||||||| |||| 00| 0 eng d
040 _cLadoV
082 _a708
_bL933z
100 _aLucas, Cristina
_eautor
_91123
245 _aZero Killed/
260 _c2004
_aCentro Cultural España
_bMéxico
300 _a44p.
_c15x17cm
650 _2Tesauro de Arte & Arquitectura
_aARTE
650 _2Tesauro de Arte & Arquitectura
_aMONTAJE
_9703
650 _2Tesauro de Arte & Arquitectura
_aFOTOGRAFIA
_9702
942 _2ddc
_c1
_h708
_iL933z
_n0
999 _c4419
_d4419